Reliability handbook /
Guardado en:
| Autor Principal: | |
|---|---|
| Otros Autores: | |
| Formato: | Libro |
| Idioma: | English Russian |
| Publicado: |
New York :
Holt, Rinehart and Winston,
c1970.
|
| Series: | International series in decision processes
|
| Etiquetas: |
Agregar Etiqueta
Sin Etiquetas, Sea el primero en etiquetar este registro!
|
| LEADER | 01031cam a22002415a 4500 | ||
|---|---|---|---|
| 001 | MAT.inmabb002387 | ||
| 008 | 701014s1970####nyua#####b####001#0#eng#d | ||
| 005 | 20151118180149.0 | ||
| 245 | 1 | 0 | |a Reliability handbook / |c B. A. Kozlov and I. A. Ushakov ; edited by L. H. Koopmans [and] Judah Rosenblatt ; translated by Lisa Rosenblatt. |
| 260 | |a New York : |b Holt, Rinehart and Winston, |c c1970. | ||
| 300 | |a xvi, 391 p. : |b il. ; |c 24 cm. | ||
| 440 | 0 | |a International series in decision processes | |
| 500 | |a Traducción de: Kratkii spravochnik po raschetu nadezhnosti radioelektronnoi apparatury. 1966. | ||
| 504 | |a Bibliografía: p. 379-384, y al final de cada capítulo. | ||
| 510 | 4 | |a MR, |c 43 #5671 | |
| 020 | |a 0030814170 | ||
| 100 | 1 | |a Kozlov, Boris Anatol´evich. | |
| 240 | 1 | 0 | |a Kratkii spravochnik po raschetu nadezhnosti radioelektronnoi apparatury. |l English |
| 700 | 1 | |a Ushakov, I. A. |q (Igor´ Alekseevich) | |
| 084 | |a 62N05 |2 msc2000 | ||
| 010 | |a 79085752 | ||
| 041 | 1 | |a eng |h rus | |
| 859 | |h 62 |i K885 |p A-4072 |b BIB. MATEMATICA | ||
